Central Library OPAC University of Rajshahi

হযরত সৈয়দ আহমদ শহীদ (রহঃ) / (Record no. 54737)

MARC details
000 -LEADER
fixed length control field 00931nam a2200241 a 4500
001 - CONTROL NUMBER
control field 54737
003 - CONTROL NUMBER IDENTIFIER
rucl marc code BD-RjUL
005 - DATE AND TIME OF LATEST TRANSACTION
control field 20211209080149.0
008 - FIXED-LENGTH DATA ELEMENTS--GENERAL INFORMATION
fixed length control field 161109s1981 bg ||||| |||| 00| 0 ben d
020 ## - INTERNATIONAL STANDARD BOOK NUMBER
Terms of availability : TK 42.00
035 ## - SYSTEM CONTROL NUMBER
System control number (BD-RjUL)54859
040 ## - CATALOGING SOURCE
Original cataloging agency BD-RjUL
Language of cataloging ben
Transcribing agency BD-RjUL
041 ## - LANGUAGE CODE
Language code of text/sound track or separate title ben
082 ## - DEWEY DECIMAL CLASSIFICATION NUMBER
Edition number 23
Classification number 297.6109
Author mark and year MEH 1981
100 ## - MAIN ENTRY--PERSONAL NAME
Personal name মেহর, গোলাম রসুল
9 (RLIN) 163202
245 10 - TITLE STATEMENT
Title হযরত সৈয়দ আহমদ শহীদ (রহঃ) /
Statement of responsibility, etc. গোলাম রসুল মেহর
260 ## - PUBLICATION, DISTRIBUTION, ETC. (IMPRINT)
Place of publication, distribution, etc. ঢাকা :
Name of publisher, distributor, etc. ইসলামিক ফাউন্ডেশন্স,
Date of publication, distribution, etc. ১৯৮১
300 ## - PHYSICAL DESCRIPTION
Pagination [২০], ৬৬১ পৃ. ;
Size ২১ সেমি.
650 ## - SUBJECT ADDED ENTRY--TOPICAL TERM
Topical term or geographic name as entry element ইসলামী নেতা
General subdivision জীবনী
9 (RLIN) 136369
Topical term or geographic name as entry element Islamic Leader
General subdivision Biography
9 (RLIN) 136370
700 ## - ADDED ENTRY--PERSONAL NAME
Personal name জলিল, আবদুল, অনুবাদ
942 ## - ADDED ENTRY ELEMENTS (KOHA)
Source of classification or shelving scheme Dewey Decimal Classification
Koha item type Books
Holdings
Lost status Source of classification or shelving scheme Damaged status Not for loan Collection code Permanent Location Current Location Shelving location Date acquired Source of acquisition Total Checkouts Full call number Date last seen Copy number Koha item type
  Dewey Decimal Classification     Non-fiction Central Library, University of Rajshahi Central Library, University of Rajshahi   03/11/1983 Islami foundation, Rajshahi   B 297.6109 MEH 1981 09/11/2016 C-2 Books
  Dewey Decimal Classification   Not For Loan Non-fiction Central Library, University of Rajshahi Central Library, University of Rajshahi Reading Room 03/10/1981 Aligarh library, Rajshahi   B 297.6109 MEH 1981 06/12/2016 C-1 Books